Les meilleurs animaux de compagnies - Statistiques

Statistiques générales
  • Ce quiz a été pris 352 fois
  • Le résultat moyen est 6 sur 10
Statistiques - réponses
Réponse % Correct
1 Chat
100%
2 Chien
100%
4 Lapin
82%
3 Cochon d'inde
68%
7 Serpent
67%
5 Rat
59%
9 Tortue
51%
6 Poisson Rouge
49%
8 Furet
36%
10 Chinchilla
24%
Aucun quiz correspondant
Distribution des résultats
% des personnes avec chaque résultat
Percentile par nombre de réponses
Votre historique - résultats
Vous n’avez pas pris ce quiz